Явище енантіосемії в сучасній англійській мові (Запис № 284934)

МАРК-запис
000 -LEADER
fixed length control field 01677nam a22001577a 4500
041 ## - LANGUAGE CODE
Language code of text/sound track or separate title ukr
080 ## - UNIVERSAL DECIMAL CLASSIFICATION NUMBER
Universal Decimal Classification number 82
090 ## - LOCALLY ASSIGNED LC-TYPE CALL NUMBER (OCLC); LOCAL CALL NUMBER (OCLC)
Local cutter number (OCLC) ; Book number/undivided call number, CALL (RLIN) ТУС
100 ## - MAIN ENTRY--PERSONAL NAME
Personal name Тусик Н. М.
245 ## - TITLE STATEMENT
Title Явище енантіосемії в сучасній англійській мові
260 ## - PUBLICATION, DISTRIBUTION, ETC. (IMPRINT)
Place of publication, distribution, etc Острог
Name of publisher, distributor, etc КАФ
Date of publication, distribution, etc 2012
300 ## - PHYSICAL DESCRIPTION
Extent 84
520 ## - SUMMARY, ETC.
Summary, etc ВСТУП<br/>РОЗДІЛ 1 СУТНІСТЬ ЯВИЩА ЕНАНТІОСЕМІЇ, ЇЇ ОСОБЛИВОСТІ ТА МІСЦЕ СЕРЕД ІНШИХ ЛЕКСИКО-СЕМАНТИЧНИХ КАТЕГОРІЙ<br/>1.1 Історія вивчення явища енантіосемії<br/>1.2 Типологія лексичних енантіосемізмів<br/>1.3 Принципи утворення фразеологічних енантіосемізмів<br/>РОЗДІЛ 2 ЕКЗЕМПЛІФІКАЦІЯ ШЛЯХІВ ТВОРЕННЯ ЕНАНТІОСЕМІЗМІВ У ЛЕКСИКОГРАФІЧНИХ ПРАЦЯХ<br/>2.1 Функціонування енантіосемізмів групи "Векторне перенесення" в англійській мові<br/>2.2 Функціонування енантіосемізмів групи "Реверсне перенесення"<br/>2.3 Змішаний тип творення енантіосемізмів<br/>2.4 Енантіосемізми у фразеології<br/>РОЗДІЛ 3 ОСОБЛИВОСТІ ЛЕКСИКОГРАФІЧНОГО ПРЕДСТАВЛЕНН, ФУНКЦІОНУВАННЯ ТА ПЕРЕКЛАДУ ЕНАНТІОСЕМІЗМІВ АНГЛІЙСЬКОЇ МОВИ<br/>ВИСНОВКИ
-- Енантіосемія, фразеологія
650 ## - SUBJECT ADDED ENTRY--TOPICAL TERM
Topical term or geographic name as entry element Research Papers
942 ## - ADDED ENTRY ELEMENTS (KOHA)
Koha item type Книги
Фонди
Withdrawn status Lost status Source of classification or shelving scheme Damaged status Not for loan Home library Current library Date acquired Source of acquisition Cost, normal purchase price Total Checkouts Full call number Barcode Date last seen Price effective from Koha item type
    Universal Decimal Classification     ВІЛ - Відділ іноземн. літератури НБ ВІЛ - Відділ іноземн. літератури НБ 18/09/2012 Акт №5 1.00   82 215071 09/11/2021 18/09/2012 Книги